00743cam a2200193 a 4500020003000000040000800030082002600038100002200064245004700086250001700133260003700150300005500187500008800242700002400330700002400354942000700378999001700385952014700402 a0393924831 (cover : pbk.) cDLC00a320 NOR 2004 A074 Or.1 aLowi, Theodore J.10aAmerican government :bpower and purpose / aCore 8th ed. aNew York :bW.W. Norton,cc2004. axxiv, 571, 89 p. :bcol. ill., col. maps ;c23 cm. aISBN 0393924823 printed on t.p. verso is for the 8th ed., not for this core 8th ed.1 aGinsberg, Benjamin.1 aShepsle, Kenneth A. cEK c15110d15110 0010406320_000000000000000_NOR_2004_A074_OR70967848aLBAbLBAcA074d2017-11-10o320 NOR 2004 A074 Or.pA07322r2017-11-10w2017-11-10yEK